1770 1616 1754 1862 1619 1315 1272 1303 1756 1714 1440 1779 1513 1711 1277 1041 1857 1270 1264 1192 1039 1917 1279 1725 1666 1964 1981 1971 1873 1740 1552 1197 1438 1018 1600 1585 1719 1951 1722 1032 1112 1494 1739 1586 1146 1761 1106 1105 1425 1246 1335 1663 1334 1051 1287 1444 1080 1494 1403 1430 1405 1247 1147 1055 1477 1597 1133 1867 1873 1523 1002 1561 1906 1902 1134 1859 1522 1050 1458 1242 1408 1749 1098 1008 1533 1130 1498 1618 1746 1713 1852 1419 1677 1042 1575 1071 1123 1524 1434 BCNSPRNW ULIB Ver.6.0+V

เปลี่ยนเป็นภาษาไทย

Change to English
 แสดงรายละเอียดบรรณานุกรม
  กลับหน้าหลัก

Brief Record : Get Marc (ISO 2709) : E-mail record : QR code < ปิดหน้าต่าง
LEADER : 00000nam 2200000uu 4500
001    13399126448
003     ULIB
008    180916s2559||||th 000 0 tha d
020    ^a9786162147241
050    ^aนว^bว177ห
100 0  ^aวรรณวรรธน์
245 10 ^aหนึ่งด้าวฟ้าเดียวกัน เล่ม 2/ ^cวรรณวรรธน์
250    ^aพิมพ์ครั้งที่ 9
260    ^aกรุงเทพฯ : ^bณ บ้านวรรณกรรม, ^c2559
300    ^a342 หน้า ;^c21 ซม
945    ^p540^l0^i26650
999    ^aกัณชพร จุลอักษร
รายการนี้ยังไม่มีแท็ก
คุณยังไม่ได้ล็อกอิน คุณสามารถมีกิจกรรมร่วมกับเว็บไซต์ได้ แต่ต้องล็อกอินก่อน ::
  ล็อกอิน

รายการสื่อสารสนเทศ

ลำดับที่ ประเภท เลขเรียก/บาร์โค้ด สถานที่ สถานะ
1. วิทยาศาสตร์การแพทย์ และสุขภาพ
วิทยาศาสตร์การแพทย์ และสุขภาพ
นว ว177ห ฉ.1 
  Barcode: 26650
ห้องสมุดวิทยาเขตนครสวรรค์
►หนังสือทั่วไป:l:General Books
บนชั้น

รายการใกล้เคียง
    ผู้แต่ง [วรรณวรรธน์]

BibComment


ยังไม่เคยถูกคอมเมนท์

คอมเมนท์ทรัพยากรรายการนี้
  คอมเมนท์: หนึ่งด้าวฟ้าเดีย..


 Copyright 2026. Bcnsprnw @Library